| 000 | 00821cam a2200229 a 4500 | ||
|---|---|---|---|
| 001 | 000006028 | ||
| 005 | 20200929151906.0 | ||
| 008 | 740710s1968 sp 000 0 spa | ||
| 040 |
_aDO-SdBNP _bspa _cBNHPU |
||
| 082 |
_a972.8 _bM311c |
||
| 100 | 1 |
_aMaranon Richi, Luis, _d1935- _916995 |
|
| 245 | 1 | 0 |
_aCentroamerica, paso a paso / _cLuis Marañon ; prefacio, José M. Pemán. |
| 260 |
_aMadrid : _bPrensa Española, _c1968. |
||
| 300 |
_a301 p. ; _c22 cm. |
||
| 490 | 1 | _aLos Tres dados | |
| 500 | _aIncluye datos biográficos del autor en la solapa de la cubierta | ||
| 651 | 4 |
_aAmérica Central _xDescripciones Y Viajes _916996 |
|
| 651 | 4 |
_aMéxico _xDescripciones Y Viajes. _911991 |
|
| 651 | 4 |
_aColombia _xDescripciones Y Viajes. _916997 |
|
| 700 | 1 |
_aPemán, José M., _epref. _916998 |
|
| 830 | 0 |
_aLos Tres dados _96832 |
|
| 999 |
_c5824 _d5824 |
||